00331nam a2200121Ia 4500008004100000041000800041082001700049100001700066245005300083260003700136300001900173999001700192241015s9999 xx 000 0 und d aeng a332.1068 BEL aZachary Bell aFinancial Management: A Risk Management Approach bStates Academic PressaUSAc2021 a234;. P. 28 cm c41704d41704